000 01664cam a2200421 i 4500
001 19249025
003 OSt
005 20231208134052.0
008 151013s2015 ii b 001 0 eng d
010 _a 2016330053
020 _a9789384067380 (hardback)
020 _a9384067385 (hardback)
025 _aI-E-2016330053 ; 63-92 ; 69-92
035 _a(OCoLC)ocn924102469
035 _a(OCoLC)924102469
037 _bLibrary of Congress -- New Delhi Overseas Office
040 _aDKAGE
_beng
_erda
_cDKAGE
_dOCLCO
_dOCLCF
_dOCLCO
_dOCLCQ
_dDLC
042 _alccopycat
_alcode
043 _aa-ii---
050 0 0 _aHM728
_b.T453 2015
082 0 4 _a305.5520954
_bTHA/P
100 _aThapar, Romila
_eauthor.
_9444
245 1 4 _aThe public intellectual in India /
_cRomila Thapar ; with Sundar Sarukkai, Dhruv Raina, Peter Ronald Desouza, Neeladri Bhattacharya, Jawed Naqvi ; edited by Chandra Chari and Uma Iyengar.
264 1 _aNew Delhi :
_bAleph in association with the Book Review Literary Trust,
_c2015.
300 _axxxiv, 170 pages ;
_c22 cm
336 _atext
_btxt
_2rdacontent
337 _aunmediated
_bn
_2rdamedia
338 _avolume
_bnc
_2rdacarrier
504 _aIncludes bibliographical references (pages 155-166) and index.
650 0 _aIntellectuals
_zIndia.
651 0 _aIndia
_xIntellectual life.
700 0 _aChandra Chari,
_eeditor.
700 1 _aIyengar, Uma,
_eeditor.
710 2 _aBook Review Literary Trust (New Delhi, India),
_epublisher.
906 _a7
_bcbc
_ccopycat
_d3
_encip
_f20
_gy-gencatlg
942 _2ddc
_cBK
_h305.5520954
_iTHA/P
_k305.5520954
_mTHA/P
999 _c44199
_d44199